Snow cake (Record no. 265900)
[ view plain ]
| 000 -LEADER | |
|---|---|
| fixed length control field | 03468ngm a2200805Ia 4500 |
| 001 - CONTROL NUMBER | |
| control field | ocn152623813 |
| 003 - CONTROL NUMBER IDENTIFIER | |
| control field | OCoLC |
| 005 - DATE AND TIME OF LATEST TRANSACTION | |
| control field | 20200320182054.0 |
| 007 - PHYSICAL DESCRIPTION FIXED FIELD--GENERAL INFORMATION | |
| fixed length control field | vd cvaizq |
| 008 - FIXED-LENGTH DATA ELEMENTS--GENERAL INFORMATION | |
| fixed length control field | 070705s2007 xxk112 g vleng d |
| 020 ## - INTERNATIONAL STANDARD BOOK NUMBER | |
| International Standard Book Number | 1594447934 |
| 020 ## - INTERNATIONAL STANDARD BOOK NUMBER | |
| International Standard Book Number | 9781594447938 |
| 020 ## - INTERNATIONAL STANDARD BOOK NUMBER | |
| Terms of availability | 19.95 |
| 024 10 - OTHER STANDARD IDENTIFIER | |
| Standard number or code | 796019804806 |
| 028 41 - PUBLISHER NUMBER | |
| Publisher number | 80480 |
| Source | Genius Entertainment |
| 028 41 - PUBLISHER NUMBER | |
| Publisher number | 80480DVD1 |
| Source | Genius Entertainment |
| 035 ## - SYSTEM CONTROL NUMBER | |
| System control number | (OCoLC)152623813 |
| 040 ## - CATALOGING SOURCE | |
| Original cataloging agency | TEFMT |
| Transcribing agency | TEFMT |
| Modifying agency | TEF |
| -- | JAI |
| -- | JED |
| -- | LEO |
| -- | BTCTA |
| -- | WACOL |
| 044 ## - COUNTRY OF PUBLISHING/PRODUCING ENTITY CODE | |
| MARC country code | xxk |
| -- | xxc |
| -- | xxu |
| 049 ## - LOCAL HOLDINGS (OCLC) | |
| Holding library | WACL |
| 050 14 - LIBRARY OF CONGRESS CALL NUMBER | |
| Classification number | PN1995.9.S87 |
| Item number | S669 2007 |
| 082 04 - DEWEY DECIMAL CLASSIFICATION NUMBER | |
| Classification number | 791.43/72 |
| Edition number | 22 |
| 092 ## - LOCALLY ASSIGNED DEWEY CALL NUMBER (OCLC) | |
| Classification number | DVD |
| Item number | Sno |
| 245 00 - TITLE STATEMENT | |
| Title | Snow cake |
| Medium | [videorecording] / |
| Statement of responsibility, etc | UK Film Council and Telefilm Canada present in association with Baby Cow Productions ; IFC Films ; IFC First Take ; Revolution Films ; Chum Television ; produced by Gina Carter, Jessica Daniel, Andrew Eaton, Niv Fichman ; written by Angela Pell ; directed by Marc Evans. |
| 260 ## - PUBLICATION, DISTRIBUTION, ETC. (IMPRINT) | |
| Place of publication, distribution, etc | Santa Monica, CA : |
| Name of publisher, distributor, etc | Genius Entertainment, |
| Date of publication, distribution, etc | c2007. |
| 300 ## - PHYSICAL DESCRIPTION | |
| Extent | 1 videodisc (112 min.) : |
| Other physical details | sd., col. ; |
| Dimensions | 4 3/4 in. |
| 538 ## - SYSTEM DETAILS NOTE | |
| System details note | DVD, region 1; widescreen (1.85:1) presentation; Dolby Digital 5.1 surround. |
| 500 ## - GENERAL NOTE | |
| General note | Title from container. |
| 511 1# - PARTICIPANT OR PERFORMER NOTE | |
| Participant or performer note | Alan Rickman, Sigourney Weaver, Carrie-Anne Moss, David Fox, Jayne Eastwood, Emily Hampshire, James Allodi. |
| 508 ## - CREATION/PRODUCTION CREDITS NOTE | |
| Creation/production credits note | Director of photography, Steve Cosens ; editor, Mags Arnold ; music, Broken-Social-Scene ; costume designer, Debra Hanson ; production designer, Matthew Davies. |
| 521 8# - TARGET AUDIENCE NOTE | |
| Target audience note | Not rated. |
| 520 ## - SUMMARY, ETC. | |
| Summary, etc | Recently released from prison, Alex offers a ride to a hitchhiker, only to have her killed instantly when they are involved in a brutal car accident. Alex then approaches the girl's mother, and the events that unfold dramatically change both his life and those of others around him. |
| 650 #0 - SUBJECT ADDED ENTRY--TOPICAL TERM | |
| Topical term or geographic name as entry element | Ex-convicts |
| Form subdivision | Drama. |
| 9 (RLIN) | 5840157 |
| 650 #0 - SUBJECT ADDED ENTRY--TOPICAL TERM | |
| Topical term or geographic name as entry element | Traffic accident victims |
| Form subdivision | Drama. |
| 9 (RLIN) | 5737906 |
| 650 #0 - SUBJECT ADDED ENTRY--TOPICAL TERM | |
| Topical term or geographic name as entry element | Hitchhiking |
| Form subdivision | Drama. |
| 9 (RLIN) | 5840158 |
| 650 #0 - SUBJECT ADDED ENTRY--TOPICAL TERM | |
| Topical term or geographic name as entry element | Mothers and daughters |
| Form subdivision | Drama. |
| 9 (RLIN) | 5692603 |
| 655 #0 - INDEX TERM--GENRE/FORM | |
| Genre/form data or focus term | Feature films. |
| 9 (RLIN) | 5840159 |
| 655 #0 - INDEX TERM--GENRE/FORM | |
| Genre/form data or focus term | Melodrama. |
| 9 (RLIN) | 5840160 |
| 700 1# - ADDED ENTRY--PERSONAL NAME | |
| Personal name | Carter, Gina. |
| 9 (RLIN) | 5840161 |
| 700 1# - ADDED ENTRY--PERSONAL NAME | |
| Personal name | Daniel, Jessica. |
| 9 (RLIN) | 5840162 |
| 700 1# - ADDED ENTRY--PERSONAL NAME | |
| Personal name | Eaton, Andrew. |
| 9 (RLIN) | 76481 |
| 700 1# - ADDED ENTRY--PERSONAL NAME | |
| Personal name | Fichman, Niv. |
| 9 (RLIN) | 62430 |
| 700 1# - ADDED ENTRY--PERSONAL NAME | |
| Personal name | Pell, Angela. |
| 9 (RLIN) | 5840163 |
| 700 1# - ADDED ENTRY--PERSONAL NAME | |
| Personal name | Evans, Marc. |
| 9 (RLIN) | 5840164 |
| 700 1# - ADDED ENTRY--PERSONAL NAME | |
| Personal name | Rickman, Alan. |
| 9 (RLIN) | 26534 |
| 700 1# - ADDED ENTRY--PERSONAL NAME | |
| Personal name | Weaver, Sigourney, |
| Dates associated with a name | 1949- |
| 9 (RLIN) | 30550 |
| 700 1# - ADDED ENTRY--PERSONAL NAME | |
| Personal name | Moss, Carrie-Anne, |
| Dates associated with a name | 1970- |
| 9 (RLIN) | 58411 |
| 700 1# - ADDED ENTRY--PERSONAL NAME | |
| Personal name | Fox, David. |
| 9 (RLIN) | 5840165 |
| 700 1# - ADDED ENTRY--PERSONAL NAME | |
| Personal name | Eastwood, Jayne. |
| 9 (RLIN) | 67900 |
| 700 1# - ADDED ENTRY--PERSONAL NAME | |
| Personal name | Hampshire, Emily. |
| 9 (RLIN) | 5840166 |
| 700 1# - ADDED ENTRY--PERSONAL NAME | |
| Personal name | Allodi, James. |
| 9 (RLIN) | 5840167 |
| 700 1# - ADDED ENTRY--PERSONAL NAME | |
| Personal name | Carter, Gina. |
| Relator code | pro |
| 9 (RLIN) | 5840161 |
| 700 1# - ADDED ENTRY--PERSONAL NAME | |
| Personal name | Daniel, Jessica. |
| Relator code | pro |
| 9 (RLIN) | 5840162 |
| 700 1# - ADDED ENTRY--PERSONAL NAME | |
| Personal name | Eaton, Andrew. |
| Relator code | pro |
| 9 (RLIN) | 76481 |
| 700 1# - ADDED ENTRY--PERSONAL NAME | |
| Personal name | Fichman, Niv. |
| Relator code | pro |
| 9 (RLIN) | 62430 |
| 700 1# - ADDED ENTRY--PERSONAL NAME | |
| Personal name | Pell, Angela. |
| Relator code | aus |
| 9 (RLIN) | 5840163 |
| 700 1# - ADDED ENTRY--PERSONAL NAME | |
| Personal name | Evans, Marc. |
| Relator code | drt |
| 9 (RLIN) | 5840164 |
| 710 2# - ADDED ENTRY--CORPORATE NAME | |
| Corporate name or jurisdiction name as entry element | UK Film Council. |
| 9 (RLIN) | 70113 |
| 710 2# - ADDED ENTRY--CORPORATE NAME | |
| Corporate name or jurisdiction name as entry element | Telefilm Canada. |
| 9 (RLIN) | 21605 |
| 710 2# - ADDED ENTRY--CORPORATE NAME | |
| Corporate name or jurisdiction name as entry element | Baby Cow Productions. |
| 9 (RLIN) | 5840168 |
| 710 2# - ADDED ENTRY--CORPORATE NAME | |
| Corporate name or jurisdiction name as entry element | IFC Films. |
| 9 (RLIN) | 68352 |
| 710 2# - ADDED ENTRY--CORPORATE NAME | |
| Corporate name or jurisdiction name as entry element | IFC First Take (Firm) |
| 9 (RLIN) | 74038 |
| 710 2# - ADDED ENTRY--CORPORATE NAME | |
| Corporate name or jurisdiction name as entry element | Revolution Films. |
| 9 (RLIN) | 76537 |
| 710 2# - ADDED ENTRY--CORPORATE NAME | |
| Corporate name or jurisdiction name as entry element | CHUM Television. |
| 9 (RLIN) | 72456 |
| 938 ## - | |
| -- | Baker and Taylor |
| -- | BTCP |
| -- | be2007020087 |
| 942 ## - ADDED ENTRY ELEMENTS (KOHA) | |
| Koha item type | DVD |
| 948 ## - LOCAL PROCESSING INFORMATION (OCLC); SERIES PART DESIGNATOR (RLIN) | |
| Series part designator, SPT (RLIN) | 12/12/2007 |
| z (OCLC) | Sirsi |
| 994 ## - | |
| -- | 02 |
| -- | WACOL |
| 996 ## - | |
| -- | 59360 |
| -- | 34301000780900 |
| -- | DVD |
| -- | DVD |
| -- | wcl |
| -- | i |
| -- | 97 |
| -- | 17.95 |
| -- | Amazon.com |
| -- | Sno |
| -- | 12/12/2007 |
| -- | 08/13/2019 |
| -- | 08/06/2019 |
| Withdrawn status | Lost status | Source of classification or shelving scheme | Damaged status | Not for loan | Collection code | Home library | Current library | Shelving location | Date acquired | Source of acquisition | Cost, normal purchase price | Total Checkouts | Total Renewals | Full call number | Barcode | Date last seen | Date checked out | Cost, replacement price | Price effective from | Koha item type |
|---|---|---|---|---|---|---|---|---|---|---|---|---|---|---|---|---|---|---|---|---|
| Dewey Decimal Classification | Movies | Wasatch County Library | Wasatch County Library | Audio Visual Area | 12/12/2007 | Amazon | 17.95 | 100 | 4 | DVD Sno | 34301000780900 | 03/07/2024 | 05/18/2023 | 17.95 | 03/20/2020 | DVD |
